Countries Uhuru Kenyatta has visited - Statistics

General Stats
  • This quiz has been taken 60 times
    25 since last reset
  • The average score is 34 of 50
Answer Stats
Continent Country % Correct
Africa Algeria
93%
North America Canada
93%
Africa Democratic Republic of the Congo
93%
Asia Japan
93%
Africa South Africa
93%
Europe United Kingdom
93%
North America United States of America
93%
Asia China
86%
Asia/ Europe Russia
86%
Africa Somalia
86%
Africa Angola
79%
Europe Belgium
79%
Africa Ethiopia
79%
Europe France
79%
Europe Germany
79%
Africa Ghana
79%
Asia India
79%
Africa Nigeria
79%
Africa Sudan
79%
Africa Tanzania
79%
Africa Uganda
79%
Asia United Arab Emirates
79%
Africa Zambia
79%
Africa Botswana
71%
Africa Burundi
71%
North America Cuba
71%
Africa Djibouti
71%
Africa Eritrea
71%
Europe Italy
71%
Africa South Sudan
71%
Africa Morocco
64%
Asia Qatar
64%
Asia Saudi Arabia
64%
Asia Israel
57%
Africa Mozambique
57%
Europe Portugal
57%
Africa Rwanda
57%
Europe Sweden
57%
Europe Switzerland
57%
Asia/ Europe Turkey
57%
North America Barbados
50%
Africa Namibia
50%
Africa Togo
50%
North America Jamaica
43%
Europe Malta
43%
Africa Seychelles
43%
Asia Jordan
36%
Asia Kuwait
36%
Asia Singapore
36%
Europe Vatican City
29%
No matching quizzes found
Score Distribution
Percent of People with Each Score
Percentile by Number Answered
Your Score History
You have not taken this quiz since the last reset